00873nam a2200229Ia 4500008004100000020001800041082001500059100002000074245017100094250002200265300003500287490001600322500004900338650006200387700003100449264002500480336002700505337003300532338002800565040003500593999001500628161108s9999 xx 000 0 und d a9788415260493 a142.7 H87r aHusserl, Edmund aRenovación del hombre y de la cultura :b cinco ensayos /c Edmund Husserl ; introducción de Guillermo Hoyos Vásquez ; traducción de Agustín Serrano de Haro aPrimera edición axxxvi, 106 páginas ;c 21 cm aSiglo clave aTítulo original: Aufsätze und vorträge aFenomenologia / Etica / Cultura / Filosofia De La Ciencia aSerrano de Haro, Agustín aMadrid :b Anthropos atextobtxt2rdacontent asin mediaciónbn2rdamedia avolumenbnc2rdacarrier aCO-BoRNBPbspaerdacCO-BoRNBP c7543d7543